• 首页
  • 本馆介绍
  • 公告通知
  • 最新文献
  • 馆藏检索
  • 电子资源
  • 读者导购
  • 参考咨询
  • 我的图书馆
  • 登录
  • 详细信息显示
  • 放入我的书架
  • 预约/预借图书
  • 作者相关作品
  • 分类相关作品
  • 丛书相关作品
  • 出版社相关作品

书目信息

  • 表格格式
  • 工作单格式
  • 卡片格式
题名:
傅雷作品集
    
 
作者: 巴尔扎克 著 ;傅雷, 译
分册:   邦斯舅舅 赛查·皮罗多盛衰记
出版信息: 沈阳   万卷出版公司  2018
页数: 599页
开本: 24cm
丛书名:
单 册:
中图分类: I217.2 , I565.44
科图分类:
主题词: 作家--zuo jia--中国--现代--文集 , 中篇小说--zhong pian xiao shuo--小说集--法国--近代
电子资源:
ISBN: 978-7-5470-4835-1
000 01329nam0 2200313 450
001 012001009115
005 20140101111419.0
010    @a978-7-5470-4835-1@dCNY88.00
099    @aCAL 012018186515
100    @a20181016d2018 em y0chiy50 ea
101 1  @achi@cfre
102    @aCN@b210000
105    @ay z 000ay
106    @ar
200 1  @a傅雷作品集@Afu lei zuo pin ji@i邦斯舅舅 赛查·皮罗多盛衰记@f(法) 巴尔扎克著@g傅雷译
210    @a沈阳@c万卷出版公司@d2018
215    @a599页@d24cm
314    @a傅雷(1908-1966),中国著名的翻译家、作家、教育家、文艺评论家。
330    @a本书收录傅雷译著巴尔扎克《邦斯舅舅》和《赛查·皮罗多盛衰记》。作品均收在巴尔扎克手订的《人间喜剧》总目中,属于“风俗研究编”的“巴黎生活栏”。傅译《邦斯舅舅》于1952年5月出版。《赛查·皮罗多盛衰记》译于1958年4月,1978年9月作为傅雷遗译出版。
517 1  @a邦斯舅舅 赛查·皮罗多盛衰记@Abang si jiu jiu sai cha· pi luo duo sheng shuai ji
600  0 @a傅雷,@Afu lei@f1908-1966@j文集
606 0  @a作家@Azuo jia@y中国@z现代@j文集
606 0  @a中篇小说@Azhong pian xiao shuo@x小说集@y法国@z近代
690    @aI217.2@v5
690    @aI565.44@v5
701  1 @a巴尔扎克@Aba er zha ke@g(Balzac, Honore de),@f1799-1850@4著
702  0 @a傅雷,@Afu lei@f1908-1966@4译
801  0 @aCN@b上海新华@c20191020
905    @b1187072-5@dI217.2@e973@f4
    
    傅雷作品集.邦斯舅舅 赛查·皮罗多盛衰记/(法) 巴尔扎克著/傅雷译.-沈阳:万卷出版公司,2018
    599页;24cm
    
    
    ISBN 978-7-5470-4835-1:CNY88.00
    本书收录傅雷译著巴尔扎克《邦斯舅舅》和《赛查·皮罗多盛衰记》。作品均收在巴尔扎克手订的《人间喜剧》总目中,属于“风俗研究编”的“巴黎生活栏”。傅译《邦斯舅舅》于1952年5月出版。《赛查·皮罗多盛衰记》译于1958年4月,1978年9月作为傅雷遗译出版。
●
相关链接 在E读中查询图书 在五车中查询图书 在当当中查询图书 在豆瓣中查询图书


正题名:傅雷作品集     索取号:I217.2/973         预约/预借

序号 登录号 条形码 馆藏地/架位号 状态 备注
1 1187072   211870723   第一样本阅览室/ [索取号:I217.2/973] 在馆    
2 1187073   211870732   第二借阅区/ [索取号:I217.2/973] 在馆    
3 1187074   211870741   第二借阅区/ [索取号:I217.2/973] 在馆    
4 1187075   211870750   第二借阅区/ [索取号:I217.2/973] 在馆    
唐山师范学院图书馆 欢迎您!
大连网信软件有限公司© 版权所有